000 00466nam a2200181 a 4500
001 1758620201518
003 YourLibrary
005 20250923150819.0
008 250923s2002##################000#0#eng##
020 _a9788121102766
082 0 4 _a577.015
_bHOF
100 1 _aHof, John G.,
_eauthor.
245 1 0 _aSpatial Optimization For Manged Ecosystems :
260 _c2002.
300 _a258 pages
942 _cENGLISH
040 _aYourLibrary
_beng
_cYourLibrary
999 _c589041
_d589041